Statistics for Biggest Cities by Population in Delaware

Click here to take the quiz!

General Stats

  • This quiz has been taken 22 times
  • The average score is 7 of 20

Answer Stats

PopulationCities% Correct
38,079Dover
100%
33,673Newark
87%
70,635Wilmington
87%
11,580Smyrna
60%
22,582Middletown
53%
11,353Milford
47%
5,529New Castle
47%
7,427Georgetown
40%
7,861Seaford
33%
20,401Bear
27%
8,707Claymont
13%
13,554Brookside
7%
6,178Edgemoor
7%
5,981Elsmere
7%
15,280Glasgow
7%
13,672Hockessin
7%
7,390North Star
7%
8,740Pike Creek
7%
10,823Pike Creek Valley
7%
7,608Wilmington Manor
7%

Score Distribution

Percentile by Number Answered

Percent of People with Each Score

Your Score History

You have not taken this quiz